|
|
|
|
| LEADER |
00000nam0a2200000 4500 |
| 001 |
104298 |
| 005 |
20231101214534.0 |
| 010 |
|
|
|a 5982271357
|
| 035 |
|
|
|a (RuTPU)RU\TPU\book\112423
|
| 090 |
|
|
|a 104298
|
| 100 |
|
|
|a 20061031d2006 m y0rusy50 ca
|
| 101 |
0 |
|
|a rus
|a eng
|
| 102 |
|
|
|a RU
|
| 105 |
|
|
|a y j 000yy
|
| 200 |
1 |
|
|a Пособие по переводу с английского на русский
|f С. П. Романова, А. Л. Коралова
|
| 205 |
|
|
|a 2-е изд.
|
| 210 |
|
|
|a Москва
|c Университет
|d 2006
|
| 215 |
|
|
|a 172 с.
|
| 330 |
|
|
|a Настоящее пособие имеет целью ознакомить учащихся с основными проблемами перевода, сообщить некоторые теоретические знания, помочь развить навыки перевода, реферирования и аннотирования. Состоит из четырех разделов, включающих теоретический материал, иллюстрированный примерами и переводом с комментариями, а также тренировочные упражнения. Рассчитано на широкий круг лиц.
|
| 606 |
|
|
|a Английский язык
|x Учебные пособия для высшей школы
|x Перевод
|x Стилистика
|2 stltpush
|3 (RuTPU)RU\TPU\subj\67657
|9 83378
|
| 610 |
1 |
|
|a стилистика
|
| 610 |
1 |
|
|a перевод
|
| 610 |
1 |
|
|a учебные пособия
|
| 686 |
|
|
|a Ш143.21-923.7
|2 rubbk
|
| 700 |
|
1 |
|a Романова
|b С. П.
|g Светлана Павловна
|
| 701 |
|
1 |
|a Коралова
|b А. Л.
|g Анастасия Леонидовна
|
| 801 |
|
1 |
|a RU
|b 63413507
|c 20061031
|g PSBO
|
| 801 |
|
2 |
|a RU
|b 63413507
|c 20180606
|g PSBO
|
| 942 |
|
|
|c BK
|